Statistiques concernant Tous les jeux Inazuma Eleven

Cliquez ici pour prendre le quiz!

Statistiques générales

  • Ce quiz a été pris 102 fois
  • Le résultat moyen est 9 sur 16

Statistiques - réponses

PlateformesAnnéePaysRéponses% Correct
DS2011EuropeInazuma Eleven
95%
DS2012EuropeInazuma Eleven 2 : Tempête de Feu
86%
DS2012EuropeInazuma Eleven 2 : Tempête de Glace
86%
3DS2014EuropeInazuma Eleven Go Lumière
76%
3DS2014EuropeInazuma Eleven Go Ombre
76%
3DS2015EuropeInazuma Eleven Go 2 : Chrono Stones Brasier
70%
3DS2013EuropeInazuma Eleven 3 : Foudre Céleste
66%
Wii2012EuropeInazuma Eleven Strikers
66%
3DS2013EuropeInazuma Eleven 3 : Feu Explosif
64%
3DS2014EuropeInazuma Eleven 3 : Les Ogres Attaquent
58%
3DS2015EuropeInazuma Eleven Go 2 : Chrono Stones Tonnerre
51%
3DS2013JaponInazuma Eleven Go Galaxy Supernova
43%
3DS2013JaponInazuma Eleven Go Galaxy Big Bang
40%
Wii2012JaponInazuma Eleven Go Strikers
38%
Wii2011JaponInazuma Eleven Strikers Xtreme
8%
3DS2012JaponInazuma Eleven 1-2-3 : Mamoru Densetsu
1%

Distribution des résultats

Percentile par nombre de réponses

% des personnes avec chaque résultat

Votre développement - résultats

Vous n’avez pas pris ce quiz